Economic development of the Soviet Union / (Record no. 1835)

MARC details
000 -LEADER
fixed length control field 00576nam a2200205 a 4500
003 - CONTROL NUMBER IDENTIFIER
control field BD-DhJNU
005 - DATE AND TIME OF LATEST TRANSACTION
control field 20250626053411.0
008 - FIXED-LENGTH DATA ELEMENTS--GENERAL INFORMATION
fixed length control field 250501s1970 ii a b 001 0 eng
040 ## - CATALOGING SOURCE
Original cataloging agency BD-DhJNU
Language of cataloging ENG
Transcribing agency BD-DhJNU
Modifying agency BD-DhJNU
082 00 - DEWEY DECIMAL CLASSIFICATION NUMBER
Classification number 338.947 ALE
Edition number 23
100 1# - MAIN ENTRY--PERSONAL NAME
Personal name Ali, A.
245 10 - TITLE STATEMENT
Title Economic development of the Soviet Union /
Statement of responsibility, etc. A. Ali, A. Zaman and A. Baset
250 ## - EDITION STATEMENT
Edition statement 2nd ed.
260 ## - PUBLICATION, DISTRIBUTION, ETC.
Place of publication, distribution, etc. Dacca :
Name of publisher, distributor, etc. Ideal Library,
Date of publication, distribution, etc. 1970.
300 ## - PHYSICAL DESCRIPTION
Extent iv, 142 p. :
Other physical details ill. ;
Dimensions 21 cm.
650 #0 - SUBJECT ADDED ENTRY--TOPICAL TERM
Topical term or geographic name entry element Economic development
700 1# - ADDED ENTRY--PERSONAL NAME
Personal name Zaman, A.
700 1# - ADDED ENTRY--PERSONAL NAME
Personal name Baset, A.
942 ## - ADDED ENTRY ELEMENTS (KOHA)
Koha item type Books
Holdings
Withdrawn status Lost status Source of classification or shelving scheme Damaged status Not for loan Collection Home library Current library Shelving location Date acquired Source of acquisition Total checkouts Full call number Barcode Date last seen Copy number Price effective from Koha item type
    Dewey Decimal Classification     Non-fiction Jagannath University Central Library Jagannath University Central Library General stacks 06/26/2025 Purchased   338.947 ALE JNUCL8932 06/26/2025 1 06/26/2025 Books